000 00492nam a2200181Ia 4500
003 IN-BaIIA
008 211028s9999 xx 000 0 eng d
020 _a0-89158-444-7
040 _cIIA Library
080 _a523.9
_bTHE
245 4 _aThe new solar physics
_cedited by John A Eddy
260 _aColorado
_bWestview Press
_c1978
300 _axxii, 214p.
650 _aAstronomy and astrophysics thesaurus
650 _aSolar physics
700 _aEddy, John A., ed.
_911342
942 _cBK
999 _c6624
_d6624